Уламжлалт анагаах ухааны "Увдисын үндэс" номын сонгодог орчуулгын эх бичгийн судалгаа (Бичлэгийн дугаар. 91635)
| 000 -УДИРДЛАГА | |
|---|---|
| Удирдлага | 01570nam a22002897a 4500 |
| 003 - ХЯНАЛТЫН ТОО ТОДОРХОЙЛОГЧ | |
| Код | MN-UlNUM |
| 005 - БИЧИЛТ ХИЙСЭН ОГНОО | |
| Тухайн бичилтийг бичсэн засварласан сүүлийн огноо | 20241004084416.0 |
| 008 - ЕРӨНХИЙ МЭДЭЭЛЭЛ | |
| Ерөнхий мэдээлэл | 121002s2011 mp ||||| |||| 00| | mon d |
| 040 ## - БИЧЛЭГ ҮҮСГЭГЧ БАЙГУУЛЛАГА | |
| Бичлэг үүсгэгч номын сан | МУИС-ийн номын сан |
| 084 ## - ББК АНГИЛАЛ | |
| Нэмэлт тусгалт | Нэг сэдэвт бүтээл |
| ББК ангилал | 80 |
| Зохиогчийн гурван тэмдэгт | Э 661 |
| Мэдлэгийн ялгаа | 80 - Хэл бичиг |
| 100 1# - ЗЭРЭГ ГОРИЛОГЧ | |
| Зэрэг горилогч | Энхсувд Баярсайханы |
| 110 ## - СУРГУУЛЬ / ТЭНХИМ | |
| Сургууль | МУИС. ШУС. ХУС |
| Тэнхим | Монгол хэл, хэл шинжлэлийн тэнхим |
| 240 10 - Шифр - Номын наалт, тайланд хэрэглэх | |
| Ангилалын дугаар /Зохиогчийн 3 тэмдэгт | 80 Э 661 |
| 245 1# - ҮНДСЭН ГАРЧИГ | |
| Судалгааны ажлын сэдэв | Уламжлалт анагаах ухааны "Увдисын үндэс" номын сонгодог орчуулгын эх бичгийн судалгаа |
| Бага гарчгийн мэдээ | Эх бичиг судлалын магистрын зэрэг горилсон ажил |
| Удирдагч | Д-р (Sc.D), проф. Ш. Чоймаа |
| Шүүмжлэгч | Д-р (Ph.D) Д. Бүрнээ |
| -- | Дэд проф. М. Баярсайхан |
| 260 ## - ГАРАЛТЫН МЭДЭЭ | |
| Хэвлэгдсэн газар | УБ |
| Хэвлэгдсэн он | 2011 |
| 300 ## - МАТЕРИАЛЫН ТОДОРХОЙЛОЛТ | |
| хуудасны тоо | 224 |
| 500 ## - Тайлбар | |
| Дансны дугаар | ЭШФ Маг Дип 3670 |
| 546 ## - ХЭЛНИЙ ТУХАЙ МЭДЭЭ | |
| Хэл | Монгол хэл дээр, |
| 653 ## - Түлхүүр үг | |
| Түлхүүр үг | хэл шинжлэл |
| 653 ## - Түлхүүр үг | |
| Түлхүүр үг | эх бичгийн судалгаа |
| 653 ## - Түлхүүр үг | |
| Түлхүүр үг | Увидсын үндэс зохиолын судалгаа |
| 653 ## - Түлхүүр үг | |
| Түлхүүр үг | магистрын судалгааны ажил |
| 740 ## - ГАРЧИГ | |
| Гарчиг | "Анагаах ухааны дөрвөн үндэс" буюу "Рашааны зүрхэн найман гишүүт нууц увдисын үндэс" хэмээх зохиолын судалгааны тойм |
| 740 ## - ГАРЧИГ | |
| Гарчиг | "Анагаах ухааны дөрвөн үндэс" буюу "Рашааны зүрхэн найман гишүүт нууц увдисын үндэс" хэмээх зохиолын эх бичгийн судалгаа |
| 942 ## - ЭЛЕМЕНТИЙН ТӨРӨЛ | |
| Зүйлийн төрөл | Магистрын ажил |
